Forschung in der digitalen Welt
| Titel: | Forschung in der digitalen Welt : Sicherung, Erschließung und Aufbereitung von Wissensbeständen ; Tagung des Staatsarchivs Hamburg und des Zentrums "Geisteswissenschaften in der Digitalen Welt" an der Universität Hamburg am 10. und 11. April 2006 / Staatsarchiv der Freien und Hansestadt Hamburg. Herausgegeben von Rainer Hering ... |
|---|---|
| Beteiligt: | |
| Ausgabe: | [Version 1, Stand: 2006-10-11] |
| Veröffentlicht: | Hamburg : Hamburg Univ. Press, 2006 |
| Umfang: | 1 Online-Ressource |
| Format: | E-Book |
| Sprache: | Deutsch |
| Schriftenreihe/ mehrbändiges Werk: |
Veröffentlichungen aus dem Staatsarchiv der Freien und Hansestadt Hamburg ; Bd. 20 |
| RVK-Notation: |
·
|
| ISBN: | 9783937816272 ; 3937816275 |
alg: 18348622 001A $06000:05-01-07 001B $01999:13-10-24 $t22:41:40.000 001D $06000:05-01-07 001U $0utf8 001X $00 002@ $0Oaxaf 002C $aText $btxt $2rdacontent 002D $aComputermedien $bc $2rdamedia 002E $aOnline-Ressource $bcr $2rdacarrier 003@ $0183486226 003O $0180033726 $aOCoLC 004A $A978-3-937816-27-2 004A $03-937816-27-5 004U $0urn:nbn:de:gbv:18-3-776 $S0 006G $0982114079 006U $007,A02,0077 $f20061128 007A $0982114079 $aDNB 009Q $S0 $uhttp://d-nb.info/982114079/34 $xN 010@ $ager 011@ $a2006 $n2006 013D $RWissenschaftliche Literatur $RAufsatzsammlung $#Konferenzbericht $71071861417 $8Konferenzschrift [Tsz] $9359646190 $y2006 $zHamburg 021A $aForschung in der digitalen Welt $dSicherung, Erschließung und Aufbereitung von Wissensbeständen ; Tagung des Staatsarchivs Hamburg und des Zentrums "Geisteswissenschaften in der Digitalen Welt" an der Universität Hamburg am 10. und 11. April 2006 $hStaatsarchiv der Freien und Hansestadt Hamburg. Herausgegeben von Rainer Hering ... 028C $7124731031 $8Hering, Rainer$Z1961- [Tp1] $9155357212 032@ $a[Version 1, Stand: 2006-10-11] 033A $pHamburg $nHamburg Univ. Press 034D $a1 Online-Ressource 036E $aVeröffentlichungen aus dem Staatsarchiv der Freien und Hansestadt Hamburg $lBd. 20 036F $x220 $8Veröffentlichungen aus dem Staatsarchiv der Freien und Hansestadt Hamburg $9127735674 $lBd. 20 044K $qDNB $RArchivalien $RArchivierung $#Archival resources $#Fonds d'archives $#Recursos archivísticos $#Archiv Bestand $#Archivgut Archivbestand $#Archivbestände $74142970-9 $8Archivbestand [Ts1] $9085559237 044K $qDNB $#Indexing $#Indexation (documentation) $#Erschließung Dokumentation $74144925-3 $8Bestandserschließung [Ts1] $9085575054 044K $qDNB $RDigitale Revolution $RTechnischer Fortschritt $#Digital preservation $#Numérisation $#Digitalisierung $#Digitalisierung $#Digitalisierung $#Digitaler Wandel $#Digitale Transformation $74123065-6 $8Digitalisierung [Ts1] $9085405035 044K $qDNB $RInformationsmittel $#Electronic information resources $#Sources d'information électroniques $#Recursos de información electrónicos $#Elektronisches Informationsinstrument $#Digitales Informationsmittel $74604771-2 $8Elektronisches Informationsmittel [Ts1] $9093458940 044K $qDNB $RQuellenforschung $#History -- Sources $#Histoire -- Sources $#Akten Formschlagwort $#Augenzeugenbericht Formschlagwort $#Texte Formschlagwort $#Historische Quelle $#Geschichtsquelle $#Quellensammlung $#Quellen $74135952-5 $8Quelle [Ts1] $9085503576 044K $qDNB $#Erschließung $#Bauland Erschließung $74152886-4 $8Erschließung [Ts1] $9085639524 044K $qDNB $RVereinheitlichung $#Standardization $#Normes $#Standardisierung $#Standardisierung $74056914-7 $8Standardisierung [Ts1] $9085158496 044K $qDNB $RLiteraturrecherche $ROnline-Recherche $RRecherche $RInformation Extraction $#Information retrieval $#Recherche de l'information $#information retrieval $#Information Retrieval $#Informationsretrieval $#Information Wiedergewinnung $#Informationsrecherche $#Informationswiedergewinnung $#Retrieval $#Informationsrückgewinnung $#Informationsgewinnung $74072803-1 $8Information Retrieval [Ts1] $9085204897 045E $c020 045Z $8AN 75000 [Tkv] $940728477X 045Z $8ND 1430 [Tkv] $9410855448 lok: 18348622 3 101B $025-10-07 $t09:42:51.000 101C $025-10-07 101U $0utf8 145S/01 $a001 exp: 18348622 3 1 #EPN 201B/01 $022-03-11 $t23:49:19.000 201U/01 $0utf8 203@/01 $0499470575 204U/01 $0urn:nbn:de:gbv:18-3-776 $S0 208@/01 $a05-01-07 $bl lok: 18348622 5 exp: 18348622 5 1 #EPN 201B/01 $022-03-11 $t23:49:19.000 201U/01 $0utf8 203@/01 $0499470583 204U/01 $0urn:nbn:de:gbv:18-3-776 $S0 208@/01 $a05-01-07 $bl lok: 18348622 8 exp: 18348622 8 1 #EPN 201B/01 $022-03-11 $t23:49:20.000 201U/01 $0utf8 203@/01 $0499470591 204U/01 $0urn:nbn:de:gbv:18-3-776 $S0 208@/01 $a05-01-07 $bl lok: 18348622 10 exp: 18348622 10 1 #EPN 201B/01 $022-03-11 $t23:49:20.000 201U/01 $0utf8 203@/01 $0499470605 204U/01 $0urn:nbn:de:gbv:18-3-776 $S0 208@/01 $a05-01-07 $bl lok: 18348622 11 exp: 18348622 11 1 #EPN 201B/01 $022-03-11 $t23:49:20.000 201U/01 $0utf8 203@/01 $0499470613 204U/01 $0urn:nbn:de:gbv:18-3-776 $S0 208@/01 $a05-01-07 $bl lok: 18348622 13 exp: 18348622 13 1 #EPN 201B/01 $022-03-11 $t23:49:20.000 201U/01 $0utf8 203@/01 $049947063X 204U/01 $0urn:nbn:de:gbv:18-3-776 $S0 208@/01 $a05-01-07 $bl lok: 18348622 20 exp: 18348622 20 1 #EPN 201B/01 $022-03-11 $t23:49:20.000 201U/01 $0utf8 203@/01 $0499470648 204U/01 $0urn:nbn:de:gbv:18-3-776 $S0 208@/01 $a05-01-07 $bl lok: 18348622 21 exp: 18348622 21 1 #EPN 201B/01 $022-03-11 $t23:49:21.000 201U/01 $0utf8 203@/01 $0499470656 204U/01 $0urn:nbn:de:gbv:18-3-776 $S0 208@/01 $a05-01-07 $bl lok: 18348622 23 exp: 18348622 23 1 #EPN 201B/01 $022-03-11 $t23:49:21.000 201U/01 $0utf8 203@/01 $0499470664 204U/01 $0urn:nbn:de:gbv:18-3-776 $S0 208@/01 $a05-01-07 $bl lok: 18348622 24 exp: 18348622 24 1 #EPN 201B/01 $022-03-11 $t23:49:21.000 201U/01 $0utf8 203@/01 $0499470672 204U/01 $0urn:nbn:de:gbv:18-3-776 $S0 208@/01 $a05-01-07 $bl lok: 18348622 25 exp: 18348622 25 1 #EPN 201B/01 $022-03-11 $t23:49:21.000 201U/01 $0utf8 203@/01 $0499470680 204U/01 $0urn:nbn:de:gbv:18-3-776 $S0 208@/01 $a05-01-07 $bl lok: 18348622 36 exp: 18348622 36 1 #EPN 201B/01 $008-01-24 $t22:49:54.764 201C/01 $008-01-24 201U/01 $0utf8 203@/01 $01253971560 204U/01 $0urn:nbn:de:gbv:18-3-776 $S0 208@/01 $a08-01-24 $bl lok: 18348622 49 exp: 18348622 49 1 #EPN 201B/01 $022-03-11 $t23:49:21.000 201U/01 $0utf8 203@/01 $0499470699 204U/01 $0urn:nbn:de:gbv:18-3-776 $S0 208@/01 $a05-01-07 $bl lok: 18348622 51 exp: 18348622 51 1 #EPN 201B/01 $022-03-11 $t23:49:21.000 201U/01 $0utf8 203@/01 $0511175647 204U/01 $0urn:nbn:de:gbv:18-3-776 $S0 208@/01 $a26-11-07 $bl lok: 18348622 59 exp: 18348622 59 1 #EPN 201B/01 $022-03-11 $t23:49:22.000 201U/01 $0utf8 203@/01 $0499470729 204U/01 $0urn:nbn:de:gbv:18-3-776 $S0 208@/01 $a05-01-07 $bl lok: 18348622 74 exp: 18348622 74 1 #EPN 201B/01 $013-10-24 $t22:41:39.986 201C/01 $013-10-24 201U/01 $0utf8 203@/01 $01277887470 204U/01 $0urn:nbn:de:gbv:18-3-776 $S0 208@/01 $a13-10-24 $bl lok: 18348622 76 exp: 18348622 76 1 #EPN 201B/01 $029-10-16 $t08:29:40.699 201U/01 $0utf8 203@/01 $0785802002 204U/01 $0urn:nbn:de:gbv:18-3-776 $S0 208@/01 $a29-10-16 $bl lok: 18348622 107 exp: 18348622 107 1 #EPN 201B/01 $010-01-20 $t14:52:46.687 201C/01 $010-01-20 201U/01 $0utf8 203@/01 $01075076986 204U/01 $0urn:nbn:de:gbv:18-3-776 $S0 208@/01 $a10-01-20 $bl lok: 18348622 108 exp: 18348622 108 1 #EPN 201B/01 $010-01-20 $t14:52:46.695 201C/01 $010-01-20 201U/01 $0utf8 203@/01 $01075076994 204U/01 $0urn:nbn:de:gbv:18-3-776 $S0 208@/01 $a10-01-20 $bl lok: 18348622 204 exp: 18348622 204 1 #EPN 201B/01 $022-03-11 $t23:49:22.000 201U/01 $0utf8 203@/01 $0499470737 204U/01 $0urn:nbn:de:gbv:18-3-776 $S0 208@/01 $a05-01-07 $bl lok: 18348622 205 exp: 18348622 205 1 #EPN 201B/01 $022-03-11 $t23:49:22.000 201U/01 $0utf8 203@/01 $0499470745 204U/01 $0urn:nbn:de:gbv:18-3-776 $S0 208@/01 $a05-01-07 $bl
| LEADER | 00000cam a22000002c 4500 | ||
|---|---|---|---|
| 001 | 183486226 | ||
| 003 | DE-603 | ||
| 005 | 20241013224140.0 | ||
| 007 | cr|||||||||||| | ||
| 008 | 070105s2006 xx |||| o| u10||u|ger | ||
| 015 | |a 07,A02,0077 |2 dnb | ||
| 016 | 7 | |2 DE-101 |a 982114079 | |
| 020 | |a 9783937816272 | ||
| 020 | |a 3937816275 | ||
| 024 | 7 | |a urn:nbn:de:gbv:18-3-776 |2 urn | |
| 035 | |a (DE-599)DNB982114079 | ||
| 035 | |a (OCoLC)180033726 | ||
| 040 | |a DE-603 |b ger |c DE-603 |d DE-603 | ||
| 041 | |a ger | ||
| 084 | |a 020 |q DE-101 |2 sdnb | ||
| 084 | |a AN 75000 |0 (DE-625)6289: |0 (DE-603)40728477X |2 rvk | ||
| 084 | |a ND 1430 |0 (DE-625)124821: |0 (DE-603)410855448 |2 rvk | ||
| 245 | 0 | 0 | |a Forschung in der digitalen Welt |b Sicherung, Erschließung und Aufbereitung von Wissensbeständen ; Tagung des Staatsarchivs Hamburg und des Zentrums "Geisteswissenschaften in der Digitalen Welt" an der Universität Hamburg am 10. und 11. April 2006 |c Staatsarchiv der Freien und Hansestadt Hamburg. Herausgegeben von Rainer Hering ... |
| 250 | |a [Version 1, Stand: 2006-10-11] | ||
| 264 | 1 | |a Hamburg |b Hamburg Univ. Press |c 2006 | |
| 300 | |a 1 Online-Ressource | ||
| 336 | |a Text |b txt |2 rdacontent | ||
| 337 | |a Computermedien |b c |2 rdamedia | ||
| 338 | |a Online-Ressource |b cr |2 rdacarrier | ||
| 490 | 1 | |a Veröffentlichungen aus dem Staatsarchiv der Freien und Hansestadt Hamburg |v Bd. 20 | |
| 650 | 7 | |a Archivbestand |0 (DE-588)4142970-9 |0 (DE-603)085559237 |2 gnd | |
| 650 | 7 | |a Bestandserschließung |0 (DE-588)4144925-3 |0 (DE-603)085575054 |2 gnd | |
| 650 | 7 | |a Digitalisierung |0 (DE-588)4123065-6 |0 (DE-603)085405035 |2 gnd | |
| 650 | 7 | |a Elektronisches Informationsmittel |0 (DE-588)4604771-2 |0 (DE-603)093458940 |2 gnd | |
| 650 | 7 | |a Quelle |0 (DE-588)4135952-5 |0 (DE-603)085503576 |2 gnd | |
| 650 | 7 | |a Erschließung |0 (DE-588)4152886-4 |0 (DE-603)085639524 |2 gnd | |
| 650 | 7 | |a Standardisierung |0 (DE-588)4056914-7 |0 (DE-603)085158496 |2 gnd | |
| 650 | 7 | |a Information Retrieval |0 (DE-588)4072803-1 |0 (DE-603)085204897 |2 gnd | |
| 655 | 7 | |a Konferenzschrift |y 2006 |z Hamburg |2 gnd-content |0 (DE-588)1071861417 |0 (DE-603)359646190 | |
| 700 | 1 | |a Hering, Rainer |d 1961- |0 (DE-603)155357212 |0 (DE-588)124731031 |2 gnd | |
| 810 | 2 | 2 | |a Staatsarchiv |g Hamburg |t Veröffentlichungen aus dem Staatsarchiv der Freien und Hansestadt Hamburg |v Bd. 20 |w (DE-603)127735674 |w (DE-600)2271086-3 |9 220 |7 as |
| 856 | |u http://d-nb.info/982114079/34 |x Langzeitarchivierung Nationalbibliothek |z kostenfrei | ||
| 924 | 1 | |9 603 |a (DE-603)499470575 |b DE-603 |c HES |d d | |
| 924 | 1 | |9 603 |a (DE-603)499470583 |b DE-603 |c HES |d d | |
| 924 | 1 | |9 603 |a (DE-603)499470591 |b DE-603 |c HES |d d | |
| 924 | 1 | |9 603 |a (DE-603)499470605 |b DE-603 |c HES |d d | |
| 924 | 1 | |9 603 |a (DE-603)499470613 |b DE-603 |c HES |d d | |
| 924 | 1 | |9 603 |a (DE-603)49947063X |b DE-603 |c HES |d d | |
| 924 | 1 | |9 603 |a (DE-603)499470648 |b DE-603 |c HES |d d | |
| 924 | 1 | |9 603 |a (DE-603)499470656 |b DE-603 |c HES |d d | |
| 924 | 1 | |9 603 |a (DE-603)499470664 |b DE-603 |c HES |d d | |
| 924 | 1 | |9 603 |a (DE-603)499470672 |b DE-603 |c HES |d d | |
| 924 | 1 | |9 603 |a (DE-603)499470680 |b DE-603 |c HES |d d | |
| 924 | 1 | |9 603 |a (DE-603)1253971560 |b DE-603 |c HES |d d | |
| 924 | 1 | |9 603 |a (DE-603)499470699 |b DE-603 |c HES |d d | |
| 924 | 1 | |9 603 |a (DE-603)511175647 |b DE-603 |c HES |d d | |
| 924 | 1 | |9 603 |a (DE-603)499470729 |b DE-603 |c HES |d d | |
| 924 | 1 | |9 603 |a (DE-603)1277887470 |b DE-603 |c HES |d d | |
| 924 | 1 | |9 603 |a (DE-603)785802002 |b DE-603 |c HES |d d | |
| 924 | 1 | |9 603 |a (DE-603)1075076986 |b DE-603 |c HES |d d | |
| 924 | 1 | |9 603 |a (DE-603)1075076994 |b DE-603 |c HES |d d | |
| 924 | 1 | |9 603 |a (DE-603)499470737 |b DE-603 |c HES |d d | |
| 924 | 1 | |9 603 |a (DE-603)499470745 |b DE-603 |c HES |d d | |


